Statistics for Largest cities of South East Asia on a Map

Click here to take the quiz!

General Stats

  • This quiz has been taken 506 times
  • The average score is 17 of 32

Answers on the Map

Answers color-coded by a green-red scale on the quiz's map according to % correct below.
 

Answer Stats

PopulationCity% Correct
18,800,000Bangkok
97%
31,300,000Jakarta
97%
7,900,000Singapore
96%
25,700,000Manila
95%
8,900,000Kuala Lumpur
94%
3,800,000Hanoi
92%
8,600,000Ho Chi Minh City
92%
2,075,000Phnom Penh
82%
5,600,000Yangon
77%
6,100,000Surabaya
67%
1,550,000Denpasar
66%
2,725,000Cebu
65%
6,950,000Bandung
64%
4,000,000Medan
58%
1,010,000Da Nang
55%
1,560,000Mandalay
53%
1,570,000Davao
50%
1,890,000Makassar
45%
2,125,000George Town
41%
1,940,000Yogyakarta
39%
1,720,000Palembang
35%
2,250,000Semarang
30%
1,390,000Batam
28%
1,490,000Angeles
24%
1,750,000Malang
22%
1,630,000Surakarta
21%
1,200,000Bandar Lampung
19%
1,220,000Pekanbaru
19%
1,350,000Chonburi
15%
1,120,000Cirebon
14%
1,150,000Serang
13%
1,200,000Karawang
6%

Score Distribution

Percentile by Number Answered

Percent of People with Each Score

Your Score History

You have not taken this quiz